000 00263nam a22001217a 4500
008 190305b xxu||||| |||| 00| 0 eng d
041 _aeng
080 _221th
_a038
100 _a23
101 _aFJA
245 _aMedical Dictionary
_cAsimow,I
942 _2udc
_cBK
999 _c54451
_d54451